Técnicas de planeación de redes / (Registro nro. 6117)

Detalles MARC
000 -LEADER
fixed length control field 01000nam a2200265Ia 4500
003 - CONTROL NUMBER IDENTIFIER
control field OSt
005 - DATE AND TIME OF LATEST TRANSACTION
control field 20201117132432.0
008 - FIXED-LENGTH DATA ELEMENTS--GENERAL INFORMATION
fixed length control field 191128s1988 ck a gr 000 0 spa d
020 ## - INTERNATIONAL STANDARD BOOK NUMBER
International Standard Book Number 9160018
040 ## - CATALOGING SOURCE
Original cataloging agency CO-JMCR
Transcribing agency CO-JMCR
041 0# - LANGUAGE CODE
Language code of text/sound track or separate title spa
082 04 - DEWEY DECIMAL CLASSIFICATION NUMBER
Classification number 658 .4032
Item number K142t
Edition number 23
100 1# - MAIN ENTRY--PERSONAL NAME
Personal name kalenatic, Dusko,
Relator term autor
9 (RLIN) 12332
245 10 - TITLE STATEMENT
Title Técnicas de planeación de redes /
Statement of responsibility, etc. Dusko kalenatic
250 ## - EDITION STATEMENT
Edition statement Primera edición
260 ## - PUBLICATION, DISTRIBUTION, ETC.
Place of publication, distribution, etc. Bogotá :
Name of publisher, distributor, etc. Universidad Distrital Francisco José de Caldas,
Date of publication, distribution, etc. 1987.
300 ## - PHYSICAL DESCRIPTION
Extent [326] páginas :
Other physical details gráficos a blanco y negro ;
Dimensions 25 cm.
490 0# - SERIES STATEMENT
Series statement Biblioteca de catedráticos
504 0# - BIBLIOGRAPHY, ETC. NOTE
Bibliography, etc. note Bibliografía: páginas [319-326].
505 0# - FORMATTED CONTENTS NOTE
Formatted contents note Técnicas de planeación de redes -- Determinación del camino mas corto en la red por medio de la programación dinámica -- Algebra de sistemas de información
650 24 - SUBJECT ADDED ENTRY--TOPICAL TERM
Topical term or geographic name entry element Análisis de redes
9 (RLIN) 12257
650 24 - SUBJECT ADDED ENTRY--TOPICAL TERM
Topical term or geographic name entry element Planificación PERT
9 (RLIN) 12333
650 24 - SUBJECT ADDED ENTRY--TOPICAL TERM
Topical term or geographic name entry element Análisis de redes
9 (RLIN) 12257
942 ## - ADDED ENTRY ELEMENTS (KOHA)
Source of classification or shelving scheme Dewey Decimal Classification
Koha item type Books
Existencias
Withdrawn status Lost status Source of classification or shelving scheme Materials specified (bound volume or other part) Damaged status Not for loan Home library Current library Date acquired Source of acquisition Coded location qualifier Total Checkouts Full call number Barcode Date last seen Date last checked out Copy number Price effective from Koha item type
    Dewey Decimal Classification Donación--15/04/2018--     Biblioteca Pública José María del Castillo y Rada Biblioteca Pública José María del Castillo y Rada 11/28/2019 Donación $0. 1 658.4032 / K142t 430012049 09/19/2024 09/18/2024 Ej.1 11/28/2019 Books